| 000 | 01729cam a2200349 a 4500 | ||
|---|---|---|---|
| 999 |
_c531673 _d531673 |
||
| 001 | 16428538 | ||
| 003 | NUST | ||
| 005 | 20191023114404.0 | ||
| 008 | 100823s2011 nyuaf b 001 0 eng | ||
| 010 | _a 2010034609 | ||
| 020 | _a9781594202773 (hbk.) | ||
| 020 | _a159420277X (hbk.) | ||
| 035 | _a(OCoLC)ocn650211168 | ||
| 038 | _aMSOHAIL | ||
| 040 |
_aDLC _cDLC _dIG# _dBTCTA _dYDXCP _dRLS _dUPZ _dCDX _dBWX _dOKN _dVP@ _dDLC |
||
| 050 | 0 | 0 |
_aHT361 _b.G53 2011 |
| 082 | 0 | 0 |
_a307.76 _222 |
| 100 | 1 |
_aGlaeser, Edward L. _q(Edward Ludwig), _d1967- _924618 |
|
| 245 | 1 | 0 |
_aTriumph of the city : _bhow our greatest invention makes us richer, smarter, greener, healthier, and happier / _cEdward L. Glaeser. |
| 260 |
_aNew York : _bPenguin Press, _c2011. |
||
| 300 |
_a338 p., [8] p. of plates : _bill. ; _c25 cm. |
||
| 504 | _aIncludes bibliographical references (p. [307]-323) and index. | ||
| 505 | 0 | _aOur urban species -- What do they make in Bangalore? -- Why do cities decline? -- What's good about slums? -- How were the tenements tamed? -- Is London a luxury resort? -- What's so great about skyscrapers? -- Why has sprawl spread? -- Is there anything greener than blacktop? -- How do cities succeed? -- Flat world, tall city. | |
| 520 | _aA pioneering urban economist offers fascinating, even inspiring proof that the city is humanity's greatest invention and our best hope for the future. | ||
| 650 | 0 |
_aUrbanization. _924245 |
|
| 650 | 0 |
_aCities and towns _xGrowth. _924240 |
|
| 650 | 0 |
_aUrban economics. _924608 |
|
| 650 | 0 |
_aSociology, Urban. _924619 |
|
| 906 |
_a7 _bcbc _corignew _d1 _eecip _f20 _gy-gencatlg |
||
| 942 |
_2ddc _cBK |
||